000 01338nam a22002177a 4500
999 _c59789
_d59789
003 Ge_BSU
005 20230419112736.0
008 230419s20132014ge ||||| |||| 00| 0 geo d
020 _a1987–9970
041 _ageo
080 _a94(479.22) ს – 32
245 _aსაქართველოს ისტორიის ინსტიტუტის შრომები :
_bტ. VIII /
_cრედაქტორები: თედო დუნდუა, ალექსანდრე ბოშიშვილი; ივანე ჯავახიშვილის სახელობის თბილისის სახელმწიფო უნივერსიტეტი.ჰუმანიტარულ მეცნიერებათა ფაკულტეტი.
264 _aთბილისი :
_bგამომცემლობა „მერიდიანი“,
_c2013-2014.
300 _a382 გვ. ;
_b24 სმ.
500 _aპარალ. სათაური ინგლ. ენაზე.
653 _aისტორია
653 _aშრომები
700 _aდუნდუა, თედო
_eრედაქტორი
_93483
700 _aბოშიშვილი, ალექსანდრე
_917672
_eრედაქტორი
942 _2udc
_cBK